quiz personnages banana fish par descriptions - Statistiques

Statistiques générales
  • Ce quiz a été pris 68 fois
  • Le résultat moyen est 9 sur 15
Statistiques - réponses
Hint Réponse % Correct
personnage principale blond ash/ aslan
100%
personnage principale japonais eiji okumura
100%
meilleur ami du personnage principale shorter wong
87%
chef de la mafia corse/ ennemi du hero dino golzine
83%
ami de celui-ci, ancien journaliste max lobo
77%
ennemi combattant le héro dans un train arthur
62%
assassin professionnel ayant entrainé le hero dans son enfance blanca
55%
frère du personnage principale blond griffin callenreese
55%
ex femme de l'ancien journaliste jessica randy
53%
photographe japonais shunichi ibe
53%
nouveau chef de la mafia de chinatown après la mort du précèdent sing soon-ling
53%
plus jeune frère de la famille lee yut lung lee
53%
enfant de celle-ci michael
32%
femme vivant avec celui-ci jennifer
21%
père du hero jim callenreese
21%
Aucun quiz correspondant
Distribution des résultats
% des personnes avec chaque résultat
Percentile par nombre de réponses
Votre historique - résultats
Vous n’avez pas pris ce quiz